The future of cities and urban redevelopment / (Record no. 56856)
[ view plain ]
| 000 -LEADER | |
|---|---|
| fixed length control field | 00718naa a22002177a 4500 |
| 003 - CONTROL NUMBER IDENTIFIER | |
| control field | BD-DhIDS |
| 005 - DATE AND TIME OF LATEST TRANSACTION | |
| control field | 20260608143658.0 |
| 008 - FIXED-LENGTH DATA ELEMENTS--GENERAL INFORMATION | |
| fixed length control field | 260608s1953 unk||||| |||| 00| 0 eng d |
| 040 ## - CATALOGING SOURCE | |
| Original cataloging agency | BD-DhIDS |
| Language of cataloging | eng |
| Transcribing agency | BD-DhIDS |
| Modifying agency | BD-DhIDS |
| 082 ## - DEWEY DECIMAL CLASSIFICATION NUMBER | |
| Classification number | 301.36 |
| Item number | BAU |
| 100 1# - MAIN ENTRY--PERSONAL NAME | |
| Personal name | Bauer, Catherine |
| 245 14 - TITLE STATEMENT | |
| Title | The future of cities and urban redevelopment / |
| Statement of responsibility, etc. | Catherine Bauer and others |
| 260 ## - PUBLICATION, DISTRIBUTION, ETC. | |
| Place of publication, distribution, etc. | Chicago : |
| Name of publisher, distributor, etc. | The University of Chicago press , |
| Date of publication, distribution, etc. | 1953 |
| 300 ## - PHYSICAL DESCRIPTION | |
| Extent | xix, 758p. : |
| Other physical details | ill., ; |
| Dimensions | 23 cm. |
| 490 ## - SERIES STATEMENT | |
| Series statement | Urban Redevelopment Study |
| Volume/sequential designation | (1948-1951) |
| 504 ## - BIBLIOGRAPHY, ETC. NOTE | |
| Bibliography, etc. note | Includes bibliographical references and index. |
| 650 04 - SUBJECT ADDED ENTRY--TOPICAL TERM | |
| Topical term or geographic name entry element | Urbanization |
| 650 04 - SUBJECT ADDED ENTRY--TOPICAL TERM | |
| Topical term or geographic name entry element | Urban development |
| 650 04 - SUBJECT ADDED ENTRY--TOPICAL TERM | |
| Topical term or geographic name entry element | Planning |
| General subdivision | Urban or city |
| 942 ## - ADDED ENTRY ELEMENTS (KOHA) | |
| Source of classification or shelving scheme | |
| Koha item type | Books |
| Withdrawn status | Lost status | Source of classification or shelving scheme | Damaged status | Not for loan | Collection code | Permanent Location | Current Location | Shelving location | Date acquired | Full call number | Barcode | Date last seen | Copy number | Price effective from | Koha item type |
|---|---|---|---|---|---|---|---|---|---|---|---|---|---|---|---|
| Non-fiction | BIDS Library and Documentation Center | BIDS Library and Documentation Center | General Stacks | 2026-06-08 | 301.36 BAU | 002078 | 2026-06-08 | C-01 | 2026-06-08 | Books |